¡Que viva Changó!: música y religiosidad afrocubanas en el Perú en tres décadas (1980-2010) /
Uloženo v:
| Hlavní autor: | |
|---|---|
| Další autoři: | |
| Médium: | Kniha |
| Jazyk: | Spanish |
| Tagy: |
Přidat tag
Žádné tagy, Buďte první, kdo vytvoří štítek k tomuto záznamu!
|
MARC
| LEADER | 00000nam a22000007a 4500 | ||
|---|---|---|---|
| 003 | cru CIDCACS/IIS | ||
| 005 | 20200925161138.0 | ||
| 007 | ta | ||
| 008 | 161116s2015 cr ||||| |||| 00| 0 spa d | ||
| 040 | |c CRAI/IIS |a CRAI/IIS | ||
| 100 | 1 | |9 460 |a Saldívar Arellano, Juan Manuel | |
| 245 | 1 | 1 | |a ¡Que viva Changó!: |b música y religiosidad afrocubanas en el Perú en tres décadas (1980-2010) / |c Juan Manuel Saldívar Arellano, Juan Pablo Anticona Cebrián |
| 300 | |a páginas 23-39 | ||
| 700 | 1 | |9 461 |a Anticona Cebrián, Juan Pablo | |
| 773 | 0 | |0 18728 |9 148 |a Universidad de Costa Rica |d San José, Costa Rica Editorial UCR 1956- |o R19001 |t Revista de Ciencias Sociales/ | |
| 942 | |2 ddc |c PP | ||
| 999 | |c 18730 |d 18730 | ||
